000 00696nam a2200265 a 4500
001 nice12345678
003 IN_TiNIC
005 20260116012254.0
008 050524s1993 u sa grp 000 0 eng
020 _a0800612
_c719.1
082 0 0 _a273.1
_bPER
100 _aPerkins, Pheme
245 _aGnosticism and the New Testament
260 _aU S a
_bFortress Press
_c1993
300 _a261p
500 _aincludes index and biblioraphy
505 2 _aBiblio., Indices
650 _aBible N.T. Criticism-Interpretaion
650 _aGnostic Literature-Relation to N.Te
650 _aGnosticism
700 1 _aPerkins, Pheme
902 _bSRS
942 _cBK
999 _c6334
_d6334